Introeduction to Computers, Structured Programming, and Applications (Record no. 541635)
[ view plain ]
| 000 -LEADER | |
|---|---|
| fixed length control field | 00421nam a22001217a 4500 |
| 082 ## - DEWEY DECIMAL CLASSIFICATION NUMBER | |
| Classification number | 005.113 |
| Author Mark | GEA |
| -- | L-2, P-134 |
| 245 ## - TITLE STATEMENT | |
| Title | Introeduction to Computers, Structured Programming, and Applications |
| Statement of responsibility, etc. | Gear, C. William |
| 260 ## - PUBLICATION, DISTRIBUTION, ETC. | |
| Place of publication, distribution, etc. | India |
| Name of publisher, distributor, etc. | Suneel Galgotia for Galotia Publications Pvt Ltd |
| Date of publication, distribution, etc. | 1986 |
| 300 ## - PHYSICAL DESCRIPTION | |
| Extent | various p.: |
| Other physical details | ill, ; |
| Dimensions | 20 cm. |
| 526 ## - STUDY PROGRAM INFORMATION NOTE | |
| Program name | 0 |
| Interest level | 0 |
| Reading level | 0 |
| Title point value | 005_113000000000000_GEA |
| 650 ## - SUBJECT ADDED ENTRY--TOPICAL TERM | |
| Topical term or geographic name entry element | MCE |
| 9 (RLIN) | 379 |
| 942 ## - ADDED ENTRY ELEMENTS (KOHA) | |
| Source of classification or shelving scheme | |
| Koha item type | Book |
| Withdrawn status | Lost status | Source of classification or shelving scheme | Damaged status | Not for loan | Permanent Location | Current Location | Date acquired | Total Checkouts | Full call number | Barcode | Date last seen | Copy number | Price effective from | Koha item type |
|---|---|---|---|---|---|---|---|---|---|---|---|---|---|---|
| Military College of Engineering (MCE) | Military College of Engineering (MCE) | 08/20/2013 | 005.113 GEA | MCE-25604 | 08/20/2013 | 1 | 08/20/2013 | Book |
